| 000 | 00719nam a2200193 i 4500 | ||
|---|---|---|---|
| 001 | 24942 | ||
| 003 | ES-MaACL | ||
| 005 | 20250727154944.0 | ||
| 007 | t| | ||
| 008 | 021219s1972 sp ||||1| spa d | ||
| 100 | 1 |
_aAngulo Iñiguez, Diego. _921788 |
|
| 245 | 1 | 0 |
_aHistoria de la pintura española _b: Escuela toledana de la primera mitad el siglo XVII / _cpor Diego Angulo Iñiguez, Alfonso E. Pérez Sánchez. |
| 260 |
_aMadrid : _bInstituto Diego Velázquez, _c1972 ( _fSucs. Rivadeneyra) |
||
| 300 |
_a395 p., 308 lám. ; _c24 cm. |
||
| 700 | 1 |
_aPérez Sánchez, Alfonso E., _d1935-2010 _9240883 |
|
| 710 | 2 |
_aInstituto Diego Velázquez. _95021 |
|
| 852 |
_aES-MaACL _jC-51975 _bR.85635 |
||
| 999 |
_c24942 _d24942 |
||